00727nam a2200217Ia 4500008004100000020001500041040001800056041000800074100003300082245008400115250001200199260007300211300001800284504002200302610003500324630002000359650002200379650003200401650003600433650004000469130821s2002 ck gr spa  a9589421504 aCo-BoUCMbspa00aspa1 aGaviria Gutiérrez, Enrique10aNuevo régimen de sociedades comentario generalcEnrique Gaviria Gutiérrez. a2a. Ed. aMedellín (Antioquia, Colombia)bBiblioteca Jurídica Dikéc2002 a239 páginas aIncluye índice. aSuperintendencia de Sociedades aLey 222 de 199504aDerecho comercial04aDerecho comercialzColombia04aSociedades anónimaszColombia04aSociedadesxLegislaciónzColombia